| 000 | 00395nam a22001337a 4500 | ||
|---|---|---|---|
| 008 | 151218b xxu||||| |||| 00| 0 eng d | ||
| 050 | _aPL8547.N281 S546 | ||
| 100 |
_aShenk, JR _921439 |
||
| 245 |
_aA new Ndebele grammar _c/ J.R. Shenk |
||
| 260 |
_aBulawayo _bBrethren in Christ Church _c1971 |
||
| 300 |
_a229p. _c21cm. |
||
| 650 |
_aNdebele language _xGrammar _921440 |
||
| 942 |
_2lcc _cMONOGRAPH |
||
| 999 |
_c123919 _d123919 |
||